Ciudades europeas: ¡Muerte súbita! - Estadísticas

Estadísticas generales
  • Esta prueba ha sido intentada 506 veces
  • La puntuación promedio es 12 de 30
Answers on the Grid
Answers color-coded by a green-red scale on the quiz's grid according to % correct below.
Berlín
Múnich
Aquisgrán
Novi Sad
Kyiv
Leópolis
Mogilev
Moscú
Cracovia
Breslavia
Brno
Nitra
Bania Luka
Kranj
Milán
San Pawl il-Baħar
Niza
Angers
Valencia
A Coruña
Manchester
Larisa
Cork
Estocolmo
Tampere
Bergen
Riga
Viljandi
Telsiai
Stefan Voda
Matad
Mumbai
Konan
Orán
Alejandría
Gambela
Johannesburgo
Ambriz
Fulacunda
Tijuana
Sucre
El Aaiún
St. John's
Koror
Sídney
Napier
Anabar
Buenos Aires
Arica
Spanish Town
Los Angeles
Broken Arrow
Nome
Calgary
Louisville
Vreed en Hoop
Biloxi
Billings
David
Dammam
 
Estadísticas de respuestas
Respuesta % Correcto
Berlín
77%
Estocolmo
74%
Moscú
74%
Valencia
72%
Manchester
71%
Niza
71%
A Coruña
70%
Cracovia
69%
Milán
69%
Múnich
68%
Riga
67%
Kyiv
56%
Cork
42%
Brno
41%
Bergen
39%
Breslavia
37%
Angers
33%
Leópolis
20%
Novi Sad
16%
Aquisgrán
15%
Tampere
15%
Kranj
12%
Larisa
11%
Viljandi
11%
Stefan Voda
10%
Bania Luka
9%
Mogilev
9%
Nitra
6%
Telsiai
5%
San Pawl il-Baħar
2%
No se encontraron pruebas coincidentes
Distribución de puntuación
Porcentaje de gente con cada puntuación
Porcentaje por número respondido
Historial de tus puntuaciones
No has intentado esta prueba.